<?xml version="1.0" encoding="UTF-8"?>
<marc:record xmlns:marc="http://www.loc.gov/MARC21/slim">
   <marc:leader>00000nam a2200000 a 4500</marc:leader>
   <marc:datafield ind1="0" ind2="0" tag="245">
      <marc:subfield code="a">Logi-Geister</marc:subfield>
   </marc:datafield>
   <marc:datafield ind1="0" ind2="0" tag="245">
      <marc:subfield code="b">Das Logikspiel mit ratternden Zahnrädern</marc:subfield>
   </marc:datafield>
   <marc:datafield ind1=" " ind2="1" tag="264">
      <marc:subfield code="a">Ravensburg</marc:subfield>
      <marc:subfield code="b">Ravensburger Verlag GmbH</marc:subfield>
      <marc:subfield code="c">2018</marc:subfield>
   </marc:datafield>
   <marc:datafield ind1="1" ind2=" " tag="520">
      <marc:subfield code="a">Bei dem Kinderspiel "Logi-Geister" steht die Geisterbahn plötzlich still und die Gespenster können niemanden mehr erschrecken. Alle Zahnräder sind durcheinander gepurzelt. Die jungen Spieler helfen nun mit, sie wieder an den richtigen Platz zu stecken! Ziel des Logikspiels ist es, alle Zahnräder so zu verbinden, dass sich die Geister gleichzeitig drehen. Das Einsetzen der Räder macht den Kindern technische Zusammenhänge begreiflich und nebenbei trainieren sie ihre Feinmotorik.</marc:subfield>
   </marc:datafield>
   <marc:datafield ind1="3" ind2=" " tag="024">
      <marc:subfield code="a">4005556250424</marc:subfield>
   </marc:datafield>
   <marc:datafield ind1=" " ind2=" " tag="041">
      <marc:subfield code="a">ger</marc:subfield>
   </marc:datafield>
</marc:record>
